| 000 | 00460nam a22001697a 4500 | ||
|---|---|---|---|
| 999 |
_c23896 _d23896 |
||
| 003 | BDDh-ASL | ||
| 005 | 20231015030313.0 | ||
| 008 | 210407b19891988ii ac||| |||| 00| 0 eng d | ||
| 040 |
_aBDDh-ASL _cBDDh-ASL |
||
| 082 |
_a923.454 _bEMI |
||
| 245 | 0 | 0 | _aEminent Indian Judges / |
| 260 |
_aNew Delhi: _bMittal Publications, _c1988-1989. |
||
| 300 |
_a509 p. : _c22 cm. |
||
| 650 | 0 |
_91339 _aBiography |
|
| 700 | 1 |
_93640 _aMitter, Sir Brojendra |
|
| 942 |
_2ddc _cBK |
||